The archaeology and epigraphy of Indus writing /
'The Archaeology and Epigraphy of Indus Writing' is a detailed examination of the Indus script. It presents new analysis based on an expansive text corpus using revolutionary analytical techniques developed specifically for the purpose of deciphering the Indus script. This exploration of I...
المؤلف الرئيسي:
التنسيق: كتاب الكتروني
اللغة: English
منشور في:
Oxford :
Archaeopress,
[2015]
سلاسل:
Archaeopress archaeology.
الموضوعات:
الوصول للمادة أونلاين: Login to view Source
الوسوم: إضافة وسم
رقم الطلب: PK119.5 .W445 2015
| LEADER | 01865nam a2200397 i 4500 | ||
|---|---|---|---|
| 001 | EDZ0001355616 | ||
| 003 | StDuBDS | ||
| 005 | 20230412181447.0 | ||
| 006 | m|||||o||d|||||||| | ||
| 007 | cr ||||||||||| | ||
| 008 | 160314t20152015enka fob 000|0|eng|d | ||
| 020 | |a 9781784910471 (PDF ebook) : |c No price | ||
| 040 | |a StDuBDS |b eng |c StDuBDS |e rda |e pn | ||
| 050 | 0 | |a PK119.5 |b .W445 2015 | |
| 082 | 0 | 4 | |a 491.1 |2 23 |
| 100 | 1 | |a Wells, Bryan K., |e author. | |
| 245 | 1 | 4 | |a The archaeology and epigraphy of Indus writing / |c Bryan K. Wells ; with technical appendices by Andreas Fuls. |
| 264 | 1 | |a Oxford : |b Archaeopress, |c [2015] | |
| 264 | 4 | |c ©2015 | |
| 300 | |a 1 online resource : |b illustrations (black and white). | ||
| 336 | |a text |2 rdacontent | ||
| 336 | |a still image |2 rdacontent | ||
| 337 | |a computer |2 rdamedia | ||
| 338 | |a online resource |2 rdacarrier | ||
| 490 | 1 | |a Archaeopress archaeology | |
| 504 | |a Includes bibliographical references. | ||
| 520 | 8 | |a 'The Archaeology and Epigraphy of Indus Writing' is a detailed examination of the Indus script. It presents new analysis based on an expansive text corpus using revolutionary analytical techniques developed specifically for the purpose of deciphering the Indus script. This exploration of Indus writing examines the structure of Indus text at a level of detail that has never been possible before. | |
| 521 | |a Specialized. | ||
| 588 | |a Description based on online resource; title from home page (viewed on March 15, 2016). | ||
| 650 | 0 | |a Indus script. | |
| 776 | 0 | 8 | |i Print version : |z 9781784910464 |
| 830 | 0 | |a Archaeopress archaeology. | |
| 856 | 4 | 0 | |3 Archaeopress |u http://library.arce.org:8087/Archaeopress/Products/9781784910464 |
| 942 | |2 lcc |c EBOOK | ||
| 952 | |0 0 |1 0 |4 0 |6 PK01195 |7 1 |9 46017 |a ARCH |b ARCH |d 2023-04-12 |l 0 |o PK119.5 |r 2023-04-12 00:00:00 |w 2023-04-12 |y EBOOK | ||
| 999 | |c 51675 |d 51675 | ||
